Statistiques concernant Devinez le Pays Mystère #104

Cliquez ici pour prendre le quiz!

Statistiques générales

  • Ce quiz a été pris 271 fois
  • Le résultat moyen est 9 sur 13

Statistiques - réponses

Type de RéponseRéponse% Correct
Lettre TrouvéeA
100%
Lettre TrouvéeN
99%
Lettre Bien PlacéeA
76%
Lettre TrouvéeA
74%
Lettre TrouvéeU
74%
Lettre Bien PlacéeA
72%
Lettre Bien PlacéeU
71%
Lettre TrouvéeG
64%
Lettre Bien PlacéeG
53%
Lettre Bien PlacéeY
50%
Lettre TrouvéeY
50%
Pays MystèreGuyana
48%
Lettre Bien PlacéeN
48%

Distribution des résultats

Percentile par nombre de réponses

% des personnes avec chaque résultat

Votre développement - résultats

Vous n’avez pas pris ce quiz